Recent NBA Players Emoji Quiz - Statistics

General Stats
  • This quiz has been taken 7,106 times
  • The average score is 4 of 15
Answer Stats
Hint Answer % Correct
πŸ‘‘ Lebron James
98%
πŸ•· Kevin Durant
75%
🐍 Kobe Bryant
71%
πŸ…±οΈπŸ…±οΈπŸ…±οΈ Lonzo Ball
52%
πŸ‘ΆπŸ½πŸ”ͺ Stephen Curry
39%
πŸ‡¬πŸ‡·πŸ‘…πŸ’¦ Giannis Antetokounmpo
23%
🎟 Kevin Garnett
18%
πŸ‘“ Russell Westbrook
11%
⛽️ Shaquille O'Neal
10%
β­οΈπŸ“ Stephon Marbury
8%
πŸ‘‘1/4πŸ’΅ Isaiah Thomas
5%
πŸ—£ Allen Iverson
4%
🐼 Metta World Peace
3%
🀡🏾 Gilbert Arenas
1%
πŸ‘‘πŸ‘¨β€πŸ‘¦ Delonte West
0%
No matching quizzes found
Score Distribution
Percent of People with Each Score
Percentile by Number Answered
Your Score History
You have not taken this quiz